000 00320nam a2200109Ia 4500
008 220216s9999 xx 000 0 und d
100 _aSeneviratne Priyani
245 0 _aYoung budding: A better planting material
260 _bBulletin of the Rubber Research Institute of Sri Lanka
_c1995
300 _a35-38
942 _cJS
999 _c72591
_d72591